[Event "39th Asia-ch U20"]
[Site "Shiraz IRI"]
[Date "2017.05.03"]
[Round "1"]
[White "Tran, Tuan Minh"]
[Black "Moghadam, Alireza"]
[Result "1/2-1/2"]
[WhiteElo "2537"]
[BlackElo "1995"]
[EventDate "2017.05.03"]
[PlyCount "0"]

1.d4 Nf6 2.c4 c5 3.d5 e6 4.Nc3 exd5 5.cxd5 d6 6.Nf3 g6 7.e4 Bg7 8.Be2 O-O 
9.O-O Bg4 10.Nd2 Bxe2 11.Qxe2 a6 12.a4 Nbd7 13.Nc4 Nb6 14.Ne3 Re8 15.a5 
Nbd7 16.Nc4 Qe7 17.Re1 Ne5 18.Nb6 Rad8 19.Bg5 h6 20.Bh4 g5 21.Bg3 Nfd7 22.
Bxe5 Nxe5 23.Ra4 Ng6 24.g3 Bd4 25.Kg2 Kg7 26.Nc4 Qd7 27.Nb6 Qe7 28.Nc4 Qd7
29.Nb6 Qe7 30.Nc4 Qd7 31.Nb6 1/2-1/2

[Event "39th Asia-ch U20"]
[Site "Shiraz IRI"]
[Date "2017.05.04"]
[Round "2"]
[White "Daneshvar, Bardiya"]
[Black "Khodashenas, Mersad"]
[Result "1/2-1/2"]
[WhiteElo "2105"]
[BlackElo "2410"]
[EventDate "2017.05.03"]
[PlyCount "0"]

1.d4 d6 2.c4 Nd7 3.Nc3 e5 4.Nf3 Ngf6 5.Bg5 Be7 6.e3 O-O 7.Be2 Re8 8.Qc2 c6
9.O-O Qc7 10.Bh4 Nf8 11.h3 Ng6 12.Bg3 Bf8 13.Rac1 e4 14.Nd2 Qe7 15.d5 h5 
16.c5 dxc5 17.dxc6 bxc6 18.Na4 h4 19.Bh2 Nd5 20.Nxc5 Bf5 21.Kh1 Rad8 22.
Ndb3 Nb4 23.Qc4 Nd3 24.Bxd3 exd3 25.Rfd1 Qf6 26.Qc3 Qg5 27.Nd4 Rd5 28.Nxd3
Be4 29.f3 Bxd3 30.Rxd3 Bc5 31.Rcd1 Bxd4 32.Rxd4 Rxe3 33.Rxd5 cxd5 34.Qd2 
d4 1/2-1/2

[Event "39th Asia-ch U20"]
[Site "Shiraz IRI"]
[Date "2017.05.04"]
[Round "2"]
[White "Tran, Minh Thang"]
[Black "Poormosavi, Seyed Kian"]
[Result "1/2-1/2"]
[WhiteElo "2409"]
[BlackElo "2114"]
[EventDate "2017.05.03"]
[PlyCount "0"]

1.d4 Nf6 2.Nf3 e6 3.Bf4 c5 4.e3 b6 5.Nc3 a6 6.d5 d6 7.a4 e5 8.Bg5 Nbd7 9.
e4 h6 10.Be3 g6 11.Be2 Bg7 12.O-O O-O 13.Nd2 Qe7 14.Nc4 Rb8 15.f3 Ne8 16.
Qd2 Kh7 17.Rfb1 a5 18.Nb5 f5 19.exf5 gxf5 20.c3 Ba6 21.b4 axb4 22.cxb4 f4 
23.Bf2 e4 24.Ra2 e3 25.Qc2+ Kh8 26.Be1 Bxb5 27.axb5 Ne5 28.Bc3 Nxc4 29.
Bxc4 cxb4 30.Bxb4 Be5 31.Rb3 Ng7 32.Rba3 Rfc8 33.Qe4 Ne8 34.Ra7 Rc7 35.
Rxc7 Qxc7 36.Kf1 Nf6 37.Qd3 Rc8 38.Rc2 Qh7 39.Qxh7+ Nxh7 40.Bd3 Rxc2 41.
Bxc2 Nf6 42.Be4 Kg7 43.Ke2 h5 44.Be1 Ne8 45.Bd3 Nc7 46.Bc4 Kg6 47.g3 Ne8 
48.gxf4 Bxf4 49.Bh4 Nf6 50.Bd3+ Kf7 51.Bg3 Bxg3 52.hxg3 Kg7 53.Bc4 Kg6 54.
Kxe3 Kg5 55.Bb3 Nd7 56.f4+ Kg4 57.Bd1+ Kxg3 58.Bxh5 Nf6 59.Bf3 Kh4 60.Kf2 
Ne8 61.Kg2 Nc7 62.Kf2 Nxb5 63.Ke3 Nc7 64.Ke4 Kg3 65.Bh5 Nxd5 1/2-1/2

[Event "39th Asia-ch U20"]
[Site "Shiraz IRI"]
[Date "2017.05.04"]
[Round "3"]
[White "Gholami Orimi, Mahdi"]
[Black "Mousavi, Seyed Khalil"]
[Result "1/2-1/2"]
[WhiteElo "2256"]
[BlackElo "2435"]
[EventDate "2017.05.03"]
[PlyCount "0"]

1.d4 d5 2.Nf3 Nf6 3.e3 c5 4.c3 Nbd7 5.Nbd2 e6 6.Bd3 Bd6 7.O-O O-O 8.e4 
cxd4 9.cxd4 dxe4 10.Nxe4 Nxe4 11.Bxe4 Nf6 12.Bc2 b6 13.Bg5 Bb7 14.Re1 Be7 
15.Qd3 g6 16.Bh6 Re8 17.Ba4 Nd7 18.Qb5 Bxf3 19.gxf3 Nf6 20.Qe5 1/2-1/2

[Event "39th Asia-ch U20"]
[Site "Shiraz IRI"]
[Date "2017.05.04"]
[Round "3"]
[White "Moradi, Amirmasoud"]
[Black "Harsha, Bharathakoti"]
[Result "0-1"]
[WhiteElo "2218"]
[BlackElo "2413"]
[EventDate "2017.05.03"]
[PlyCount "0"]

1.e4 c5 2.Nf3 e6 3.d4 cxd4 4.Nxd4 Nc6 5.Nc3 Qc7 6.Be3 a6 7.a3 Nf6 8.f4 d6 
9.Qf3 Be7 10.Bd3 Nxd4 11.Bxd4 O-O 12.e5 Nd7 13.O-O-O dxe5 14.fxe5 Bc5 15.
Qe4 g6 16.Rhe1 b5 17.Bxc5 Nxc5 18.Qh4 Bb7 19.Re3 Rfd8 20.Rde1 Bxg2 21.Rg1 
Nxd3+ 22.cxd3 Qc5 23.Kd2 Bc6 24.Rg4 Rd7 25.Rh3 Qxe5 26.Qxh7+ Kf8 27.Qh6+ 
Ke7 28.Qh4+ Qf6 29.Qe1 Rad8 30.Re3 Qf5 31.Qh4+ Qf6 32.Qg3 Ke8 33.Rf4 Qe7 
34.Qh3 Rd6 35.Qh8+ Kd7 36.Qg7 Rf8 37.Qe5 g5 38.Rf6 g4 39.Na2 Rd5 40.Qf4 a5
41.Nc1 b4 42.Nb3 bxa3 43.bxa3 Qxa3 44.Rxf7+ Rxf7 45.Qxf7+ Qe7 46.Qxe7+ 
Kxe7 47.Kc3 a4 48.Nd4 Bd7 49.Re4 Kf6 50.Nc2 Rc5+ 51.Kb2 Rb5+ 52.Kc1 Rb3 
53.Rxg4 Rxd3 54.Kb2 e5 55.Rg2 Rb3+ 56.Kc1 Bf5 57.Rf2 Rc3 58.Kb2 0-1

[Event "39th Asia-ch U20"]
[Site "Shiraz IRI"]
[Date "2017.05.04"]
[Round "3"]
[White "Khodashenas, Mersad"]
[Black "Tran, Minh Thang"]
[Result "1/2-1/2"]
[WhiteElo "2410"]
[BlackElo "2409"]
[EventDate "2017.05.03"]
[PlyCount "0"]

1.d4 Nf6 2.c4 g6 3.f3 d5 4.cxd5 Nxd5 5.e4 Nb6 6.Nc3 Bg7 7.Be3 O-O 8.Qd2 
Nc6 9.O-O-O e5 10.d5 Nd4 11.f4 c5 12.fxe5 Bg4 13.Re1 Bxe5 14.h3 Bd7 15.Nf3
Nxf3 16.gxf3 Qh4 17.Bg5 Qg3 18.f4 Bd4 19.Ne2 Bxb2+ 20.Kxb2 Nc4+ 21.Ka1 
Qxg5 22.Qc3 Qh4 23.Rc1 Nb6 24.Bg2 Na4 25.Qe3 b5 26.e5 b4 27.Ng3 Nc3 28.
Rhf1 Rab8 29.e6 Bb5 30.e7 Rfe8 31.d6 Bxf1 32.Rxf1 Nb5 33.Ne4 Nxd6 34.Nxd6 
Rxe7 35.Ne4 f5 36.Qb3+ Kg7 37.Nxc5 Re1+ 38.Rxe1 Qxe1+ 39.Qb1 Qe3 40.Nd3 
Rd8 41.Bf1 Kh6 42.Qc2 Qg1 43.Qe2 Re8 44.Qxe8 Qxf1+ 1/2-1/2

[Event "39th Asia-ch U20"]
[Site "Shiraz IRI"]
[Date "2017.05.04"]
[Round "3"]
[White "Poormosavi, Seyed Kian"]
[Black "Daneshvar, Bardiya"]
[Result "1/2-1/2"]
[WhiteElo "2114"]
[BlackElo "2105"]
[EventDate "2017.05.03"]
[PlyCount "0"]

1.e4 c6 2.Nc3 d5 3.Nf3 Bg4 4.h3 Bh5 5.exd5 cxd5 6.Bb5+ Nc6 7.g4 Bg6 8.Ne5 
Rc8 9.d4 e6 10.h4 f6 11.Nxg6 hxg6 12.Be3 Bb4 13.Kf1 Bxc3 14.bxc3 Ne7 15.
Qe2 Kf7 16.f4 Na5 17.Re1 Nc4 18.Bxc4 Rxc4 19.Bd2 Qd6 20.Kg2 Ra4 21.Ra1 Qa6
22.Qxa6 Rxa6 23.Rhb1 b6 24.Be1 Ra4 25.Rb4 Rxb4 26.cxb4 Nc8 27.a4 Nd6 28.a5
Rc8 29.c3 Nb5 30.axb6 axb6 31.Ra6 Rc6 32.g5 Ke7 33.Ra8 Nxc3 34.Ra7+ Kf8 
35.Ra8+ Kf7 36.Ra7+ Kg8 37.Ra8+ Kh7 38.Bxc3 Rxc3 39.Rb8 Rc2+ 40.Kg3 
1/2-1/2

[Event "39th Asia-ch U20"]
[Site "Shiraz IRI"]
[Date "2017.05.05"]
[Round "4"]
[White "Harsha, Bharathakoti"]
[Black "Mosadeghpour, Masoud"]
[Result "0-1"]
[WhiteElo "2413"]
[BlackElo "2444"]
[EventDate "2017.05.03"]
[PlyCount "0"]

1.Nf3 Nf6 2.c4 g6 3.Nc3 d5 4.Qa4+ Bd7 5.Qb3 dxc4 6.Qxc4 Bg7 7.e4 Bc6 8.Be2
O-O 9.d3 Nbd7 10.O-O e5 11.b4 Nb6 12.Qb3 Nh5 13.Rd1 Nf4 14.a4 Nxe2+ 15.
Nxe2 Bd7 16.a5 Nc8 17.Bb2 Qe7 18.d4 exd4 19.Bxd4 Bxd4 20.Rxd4 Nd6 21.Nc3 
Be6 22.Qc2 Rad8 23.Rad1 Nc4 24.Nd5 Bxd5 25.Rxd5 Rxd5 26.Rxd5 c6 27.Rd4 Na3
28.Qc5 Re8 29.Qxe7 Rxe7 30.Kf1 Nb5 31.Rd8+ Kg7 32.Nd2 Nc7 33.f3 Na6 34.Rd4
Kf6 35.Ke2 Re5 36.Nc4 Rh5 37.Nd6 Rxh2 38.Nxb7 Rxg2+ 39.Kf1 Rb2 40.Rd6+ Ke7
41.Rxc6 Rxb4 42.Rxa6 Rxb7 43.Kg2 Kf8 44.Kg3 Kg7 45.Rc6 h5 46.Kf4 Rb5 47.
Ra6 g5+ 48.Kg3 Rb7 49.Kh3 Rb3 50.Kg2 Rb2+ 51.Kg1 Rb7 52.Kf2 h4 53.Kg2 Rb2+
54.Kg1 h3 55.Rxa7 Rg2+ 56.Kh1 Rf2 57.e5 Kg6 58.Rc7 Rxf3 59.a6 g4 60.a7 Ra3
61.Kh2 Ra2+ 62.Kg3 Kg5 0-1

[Event "39th Asia-ch U20"]
[Site "Shiraz IRI"]
[Date "2017.05.05"]
[Round "4"]
[White "Khodashenas, Mersad"]
[Black "Gholami Orimi, Mahdi"]
[Result "1-0"]
[WhiteElo "2410"]
[BlackElo "2256"]
[EventDate "2017.05.03"]
[PlyCount "0"]

1.c4 Nf6 2.Nc3 e6 3.e4 d5 4.e5 d4 5.exf6 dxc3 6.bxc3 Qxf6 7.d4 b6 8.Be2 
Bb7 9.Bf3 Bxf3 10.Nxf3 Bd6 11.Qa4+ c6 12.O-O O-O 13.Rb1 Bc7 14.Re1 Rc8 15.
Ba3 Qf5 16.Rbd1 b5 17.Qb3 bxc4 18.Qxc4 Nd7 19.Qe2 Ba5 20.Rd3 Rab8 21.Nd2 
Nf6 22.Nc4 Bc7 23.Bc5 Rb7 24.Bd6 Qd5 25.Be5 Ne8 26.Ne3 Qe4 27.f3 Qg6 28.
Nc4 Rcb8 29.Rdd1 h6 30.Bxc7 Rxc7 31.Ne5 Qf5 32.Qf2 Nf6 33.c4 Nd7 34.Ng4 
Rcb7 35.h4 Kh8 36.Ne3 Qf4 37.g3 Qc7 38.Rd2 Qa5 39.Kg2 Qc3 40.d5 cxd5 41.
cxd5 exd5 42.Nxd5 Qa3 43.Qd4 Nc5 44.Re3 Qa5 45.Rde2 Ne6 46.Qe4 Rd7 47.Nc3 
Rc8 48.Qa4 Qd8 49.Ne4 Rb8 50.Nf2 Rb1 51.Qc2 Qb6 52.Rc3 Rd8 53.Rc8 Rb4 54.
Rd2 Rd4 55.Rxd4 Qxd4 56.Rc4 Qe3 57.Qe4 Qb6 58.Rb4 Qc5 59.Rb2 Rd4 60.Rb8+ 
Nd8 61.Qe8+ 1-0

[Event "39th Asia-ch U20"]
[Site "Shiraz IRI"]
[Date "2017.05.05"]
[Round "4"]
[White "Mohammad, Nubairshah Shaikh"]
[Black "Poormosavi, Seyed Kian"]
[Result "1/2-1/2"]
[WhiteElo "2408"]
[BlackElo "2114"]
[EventDate "2017.05.03"]
[PlyCount "0"]

1.d4 Nf6 2.c4 e6 3.Nc3 Bb4 4.e3 O-O 5.Ne2 d5 6.a3 Be7 7.cxd5 exd5 8.g3 c6 
9.Bg2 Na6 10.O-O Nc7 11.Qc2 Re8 12.Bd2 g6 13.f3 c5 14.Rad1 b6 15.g4 Ba6 
16.Rfe1 Ne6 17.Bc1 cxd4 18.Nxd4 Nxd4 19.exd4 Bf8 20.Re5 Bb7 21.Bg5 Bg7 22.
Qd2 Qd7 23.Bf1 a6 24.Qf4 Re6 25.Bh4 Rae8 26.Rde1 h6 27.Rxe6 Rxe6 28.Rxe6 
Qxe6 29.Qb8+ Qc8 30.Qxc8+ Bxc8 31.Kf2 Bb7 32.Ke3 Kf8 33.Be2 Ke8 34.f4 Kd7 
35.Bf3 Ke6 36.h3 b5 37.Bg3 Ne4 38.Nxe4 dxe4 39.Bxe4 Bxe4 40.Kxe4 f5+ 41.
Kd3 Kd5 42.Bf2 Bf6 43.b3 Be7 44.a4 Bd6 45.gxf5 gxf5 46.Be3 Be7 47.Bc1 Bf6 
48.Bb2 Bh4 49.axb5 axb5 50.Ba3 Bf2 51.Bc5 Bg1 52.Ba7 Bf2 53.Bb6 Be1 54.Bc7
Bf2 55.Be5 Bh4 56.Ke3 Be7 57.Bg7 h5 58.Kf3 Bh4 59.Be5 Be1 60.Bf6 Bd2 61.
Kg3 Be1+ 62.Kf3 Bd2 63.Bh8 Be1 64.Ke3 Bh4 65.Bg7 Be1 66.Bf6 Bb4 67.Kd3 Be1
68.Bd8 Bg3 69.Ke3 Be1 70.Be7 Ba5 71.Bh4 Bb6 72.Bf6 Ba5 73.Kf3 Bc3 74.Kg3 
Be1+ 75.Kf3 Bc3 76.Ke3 Be1 77.Be7 Bc3 78.Bc5 Be1 79.Kf3 Bc3 80.Ke3 Be1 81.
Ke2 Bg3 82.Kf3 Bh4 83.Ke3 Be1 84.Bb6 Bg3 85.Ba5 Bh4 86.Bb4 Bf6 87.Bc5 Bh4 
88.Kf3 Be1 89.Ke2 Bg3 90.Kf3 Be1 91.Ke3 Bh4 92.Bb4 Bf6 93.Bc3 Bh4 94.Kd3 
Be7 95.Be1 Bf6 96.Bf2 Bd8 97.Kc3 Ba5+ 98.Kd3 Bd8 99.Be3 1/2-1/2

[Event "39th Asia-ch U20"]
[Site "Shiraz IRI"]
[Date "2017.05.05"]
[Round "4"]
[White "Daneshvar, Bardiya"]
[Black "Suleymenov, Alisher"]
[Result "0-1"]
[WhiteElo "2105"]
[BlackElo "2338"]
[EventDate "2017.05.03"]
[PlyCount "0"]

1.d4 Nf6 2.c4 Nc6 3.Nf3 e6 4.Nc3 Bb4 5.Qc2 d6 6.Bd2 O-O 7.a3 Bxc3 8.Bxc3 
Qe7 9.e4 e5 10.d5 Nb8 11.g3 a5 12.Bg2 Na6 13.Nd2 b6 14.O-O Bd7 15.f4 Ng4 
16.Rae1 a4 17.h3 Nh6 18.Kh2 f6 19.fxe5 fxe5 20.Rxf8+ Rxf8 21.Rf1 Rb8 22.
Bb4 b5 23.Qc3 bxc4 24.Nxc4 Qe8 25.Na5 Nf7 26.Qd2 h6 27.Kg1 Ng5 28.h4 Nh7 
29.Rc1 Nf6 30.Nc6 Bxc6 31.Rxc6 Nxb4 32.axb4 Rb7 33.Qe1 Qb8 34.Rc4 Ng4 35.
Kh1 Qa7 36.Rc2 Ne3 37.Re2 Nxg2 38.Kxg2 Qd4 39.Qf1 Qd3 40.Kh3 Rb8 41.Qf2 
Rf8 42.Qe3 Qb1 43.Kg4 Qf1 44.h5 Kh7 45.Rh2 Qd1+ 46.Qe2 Qd4 47.b5 Qg1 48.
Rg2 Qh1 49.Rh2 Qc1 50.Rf2 Qg5+ 51.Kh3 Rxf2 52.Qxf2 Qxh5+ 53.Kg2 Qg4 54.Qc2
h5 55.Kh2 Qf3 56.Qxc7 Qe2+ 57.Kh3 Qxe4 58.Kh2 Qe2+ 59.Kh3 Qg4+ 60.Kh2 Qe2+
61.Kh3 Qf1+ 62.Kh2 Qxb5 63.Qxd6 Qxb2+ 64.Kh3 a3 65.Qe6 Qb1 66.Kh2 a2 67.
Qxe5 Kh6 68.Qf4+ Kh7 69.Qe5 Qc2+ 70.Kh3 Qg6 71.d6 Qg4+ 72.Kh2 h4 73.gxh4 
Qxh4+ 74.Kg2 Qg4+ 75.Kh2 Kh6 76.Qb2 Qf4+ 77.Kg2 Qe4+ 78.Kh2 Qb1 79.Qd2+ g5
80.d7 Qb8+ 81.Kg2 Qa8+ 82.Kf2 Qa7+ 83.Kg2 Qa8+ 84.Kf2 a1=Q 85.d8=Q Q8a7+ 
86.Ke2 Qe5+ 87.Kd1 Qaa1+ 88.Qc1 Qa4+ 89.Qc2 Qea1+ 90.Kd2 Qf4+ 91.Kd3 Qa3+ 
92.Qc3 Qf3+ 93.Kc2 Qaxc3+ 94.Kb1 Qf1+ 0-1

[Event "39th Asia-ch U20"]
[Site "Shiraz IRI"]
[Date "2017.05.06"]
[Round "5"]
[White "Tran, Tuan Minh"]
[Black "Harsha, Bharathakoti"]
[Result "1/2-1/2"]
[WhiteElo "2537"]
[BlackElo "2413"]
[EventDate "2017.05.03"]
[PlyCount "0"]

1.d4 Nf6 2.Bg5 Ne4 3.Bf4 d5 4.e3 c5 5.Bd3 Nf6 6.c3 Nc6 7.Nd2 Qb6 8.Rb1 Bg4
9.Ngf3 e6 10.Qa4 cxd4 11.cxd4 Bb4 12.a3 Bxf3 13.gxf3 Be7 14.Qb5 Qxb5 15.
Bxb5 Kd7 16.Ke2 Rhc8 17.Nb3 a6 18.Bd3 Nh5 19.Bg3 g6 20.f4 Nd8 21.f3 f5 22.
Be1 Nf7 23.Bd2 b6 24.a4 a5 25.Nc1 Nd6 26.b3 Ke8 27.Na2 Kf7 28.Nc3 Rc7 29.
Rb2 Rac8 30.Na2 h6 31.Rbb1 Nf6 32.Rbg1 Nd7 33.Rg2 Nf8 34.Rb1 Rc6 35.Rbg1 
R6c7 36.Rd1 Rc6 37.Ra1 R6c7 38.Kd1 g5 39.fxg5 hxg5 40.Be1 Ng6 41.Bg3 Nh4 
42.Rf2 Ng6 43.Rg2 Nh4 44.Rf2 Ng6 1/2-1/2

[Event "39th Asia-ch U20"]
[Site "Shiraz IRI"]
[Date "2017.05.06"]
[Round "5"]
[White "Gholami, Aryan"]
[Black "Khademi, Mahdi"]
[Result "1-0"]
[WhiteElo "2423"]
[BlackElo "2019"]
[EventDate "2017.05.03"]
[PlyCount "0"]

1.Nf3 Nf6 2.c4 g6 3.Nc3 d5 4.cxd5 Nxd5 5.Qa4+ c6 6.Nxd5 Qxd5 7.e4 Qd8 8.d4
Bg7 9.Be2 O-O 10.O-O Bd7 11.Qb4 b5 12.Bg5 a5 13.Qa3 Na6 14.Ne5 Nb4 15.Qc3 
f6 16.Nxd7 Qxd7 17.Be3 f5 18.a3 f4 19.axb4 fxe3 20.fxe3 axb4 21.Qxb4 Rxa1 
22.Rxa1 e5 23.Rd1 Qe6 24.d5 Qf6 25.Rf1 Qg5 26.Qb3 Rxf1+ 27.Bxf1 cxd5 28.
exd5 Bh6 29.Kf2 Qh4+ 30.Ke2 Qg4+ 31.Ke1 Qh4+ 32.Kd1 Qf2 33.d6+ Kf8 34.Bxb5
Qxe3 35.Qxe3 Bxe3 36.b4 e4 37.Bc6 Bf4 38.d7 Ke7 39.Ke2 Bxh2 40.Ke3 Bd6 41.
b5 Bc5+ 42.Kxe4 Bb6 43.Kf4 Kf6 44.Bf3 h5 45.Bb7 Ke7 46.Bc8 Bd8 47.Ke5 g5 
48.Kf5 h4 49.Kxg5 Kd6+ 50.Kg6 Ke6 51.b6 Ke7 52.Kh5 Kd6 53.b7 Kc7 54.Kg6 
Be7 55.Kf7 Bg5 56.Ke8 1-0

[Event "39th Asia-ch U20"]
[Site "Shiraz IRI"]
[Date "2017.05.06"]
[Round "5"]
[White "Tahbaz, Arash"]
[Black "Daghli, Arash"]
[Result "1-0"]
[WhiteElo "2409"]
[BlackElo "2198"]
[EventDate "2017.05.03"]
[PlyCount "0"]

1.Nf3 Nf6 2.g3 g6 3.c4 Bg7 4.Bg2 d6 5.d4 O-O 6.O-O Nc6 7.Nc3 Bf5 8.d5 Na5 
9.Nh4 Bd7 10.b3 c5 11.Bb2 a6 12.Qd2 b5 13.Nd1 Ne8 14.Bxg7 Nxg7 15.Ne3 bxc4
16.bxc4 Rb8 17.Rab1 Qc7 18.f4 Rfc8 19.Qc3 Nb7 20.f5 Qa5 21.Qd3 g5 22.f6 
exf6 23.Nhf5 Nxf5 24.Nxf5 Qd8 25.h4 Qf8 26.Bh3 Re8 27.e4 Re5 28.Rb2 Bxf5 
29.Bxf5 Na5 30.Rxb8 Qxb8 31.hxg5 fxg5 32.Qf3 Qb7 33.Be6 Qe7 34.Bxf7+ Kg7 
35.Be6 Nxc4 36.Qc3 Nb6 37.Rb1 Qf6 38.Qd3 c4 39.Qe3 Na4 40.Qa7+ Kg6 41.Rf1 
Rxe6 42.Rxf6+ Rxf6 43.e5 dxe5 44.Qc7 Nc3 45.Qxc4 Nb5 46.Qe4+ Kg7 47.Qxe5 
h6 48.Qe7+ Kg6 49.Qe4+ Kg7 50.Qc4 h5 51.a4 Nd6 52.Qxa6 g4 53.Kg2 Ne4 54.
Qa7+ Kg6 55.Qe3 Nd6 56.a5 1-0

[Event "39th Asia-ch U20"]
[Site "Shiraz IRI"]
[Date "2017.05.06"]
[Round "5"]
[White "Mozaffari, Alireza"]
[Black "Mohammad, Nubairshah Shaikh"]
[Result "1/2-1/2"]
[WhiteElo "2010"]
[BlackElo "2408"]
[EventDate "2017.05.03"]
[PlyCount "0"]

1.d4 Nf6 2.c4 g6 3.Nc3 d5 4.cxd5 Nxd5 5.e4 Nxc3 6.bxc3 Bg7 7.Qa4+ Nd7 8.
Nf3 O-O 9.Be2 c5 10.O-O Nf6 11.Qc2 cxd4 12.cxd4 Bg4 13.Be3 Rc8 14.Qd3 Qa5 
15.h3 Bd7 16.Ne5 Rc3 17.Qb1 Rc7 18.Bf4 Rfc8 19.Qb3 Be6 20.Nc4 Rxc4 21.Bxc4
Bxc4 22.Qxb7 Qa6 23.Qxa6 Bxa6 24.Rfc1 Rd8 25.f3 Nxe4 26.fxe4 Bxd4+ 27.Kh2 
Bxa1 28.Rxa1 Rd4 29.Bb8 Rxe4 30.Bxa7 Re2 31.Kg1 f5 32.Bf2 Kf7 33.a4 e5 34.
Re1 Ke6 35.Rxe2 Bxe2 36.Bc5 Ba6 37.h4 f4 38.Kf2 e4 39.g3 Kd5 40.Bb6 e3+ 
41.Kf3 e2 42.Ba5 fxg3 43.Kxg3 Ke4 44.Bd2 Kd3 45.Bb4 Ke3 46.Bc5+ Kd2 47.
Bb4+ Kd1 48.Kf2 Bd3 49.a5 Ba6 50.Bc3 Kc2 51.Bb4 Kd3 52.Kf3 Kd4 53.Kf4 Bb7 
54.Kg5 Ke3 55.Kh6 Be4 56.a6 Kf4 57.a7 Kg4 58.Be1 Kh3 59.h5 gxh5 60.Kxh5 
Kg2 61.Kh6 Kf1 62.Ba5 1/2-1/2

[Event "39th Asia-ch U20"]
[Site "Shiraz IRI"]
[Date "2017.05.07"]
[Round "6"]
[White "Tran, Tuan Minh"]
[Black "Mosadeghpour, Masoud"]
[Result "1/2-1/2"]
[WhiteElo "2537"]
[BlackElo "2444"]
[EventDate "2017.05.03"]
[PlyCount "0"]

1.d4 Nf6 2.Nf3 g6 3.Bg5 Bg7 4.Nbd2 O-O 5.e3 d6 6.Bc4 c5 7.c3 cxd4 8.exd4 
h6 9.Bh4 Nc6 10.O-O e5 11.dxe5 dxe5 12.Re1 Qc7 13.Bb5 Nh5 14.Nc4 Be6 15.
Qd6 Rac8 16.Rad1 g5 17.Bg3 a6 18.Bxc6 Bxc4 19.Bd7 Qxd6 20.Rxd6 Rcd8 21.
Bxe5 Bxa2 22.Red1 f6 23.Bd4 Bb3 24.Rd2 Ba4 25.Be6+ Kh8 26.Bc5 Rxd6 27.Bxd6
Rd8 28.Bf7 Be8 29.Bxe8 Rxe8 30.g4 Nf4 31.Bxf4 gxf4 32.Nh4 Bf8 33.Kg2 Kg8 
34.Kf3 b5 35.Nf5 b4 36.cxb4 Bxb4 37.Rc2 Bf8 38.Kxf4 Rb8 39.f3 a5 40.Ne3 
Bd6+ 41.Kf5 Kf7 42.Nc4 Rb5+ 43.Ke4 Bb8 44.h3 Ke6 45.Re2 f5+ 46.Kd3+ Kd7 
47.Kc2 fxg4 48.fxg4 h5 49.Rg2 hxg4 50.hxg4 Bf4 51.Rf2 Bc7 52.Rf7+ Kc6 53.
Rf6+ Kc5 54.Kc3 Rb4 55.Rf5+ Kc6 56.g5 Rb8 57.Nxa5+ Kd6 58.Nc4+ Ke6 59.Rf6+
Ke7 60.Rc6 Bf4 61.g6 Bg5 62.Nb6 Rd8 63.Kc4 Kf8 64.Rc7 Rd2 65.Rf7+ Kg8 66.
b4 Rd6 67.Nd5 Rxg6 68.Rc7 Rg7 69.Rc8+ Kf7 70.b5 Ke6 71.Rc6+ Ke5 72.b6 Rb7 
73.Rc7 Rb8 74.Rc6 Bd8 75.Nc7 Rxb6 76.Rxb6 Bxc7 77.Rb5+ Kf4 78.Kd4 Kg3 79.
Ke4 Kg2 80.Ke3 Bd6 81.Rg5+ Kh1 82.Kf2 Bc7 83.Rg6 Bb8 84.Rg2 Bc7 85.Kf1 Bd6
86.Rd2 Bc7 87.Rc2 Bd6 88.Kf2 Bb8 89.Rc8 Bd6 90.Rc1+ Kh2 91.Rc6 Bg3+ 92.Kf3
Bb8 93.Rg6 Bc7 94.Rg2+ Kh1 95.Rb2 Kg1 96.Rg2+ Kh1 97.Kf2 Bb6+ 98.Kg3 Bc7+ 
99.Kh3 Bb6 100.Rb2 Bc5 101.Rb5 Bd4 102.Kg3 Ba7 103.Rb1+ Bg1 104.Kf3 Kh2 
105.Rb2+ Kh1 106.Kg3 Bc5 107.Rh2+ Kg1 108.Rd2 Kf1 109.Rd5 Bb6 1/2-1/2

[Event "39th Asia-ch U20"]
[Site "Shiraz IRI"]
[Date "2017.05.07"]
[Round "6"]
[White "Tran, Minh Thang"]
[Black "Gholami, Aryan"]
[Result "0-1"]
[WhiteElo "2409"]
[BlackElo "2423"]
[EventDate "2017.05.03"]
[PlyCount "0"]

1.d4 Nf6 2.Nf3 b6 3.c4 Bb7 4.g3 Bxf3 5.exf3 e6 6.Bg2 d5 7.b3 Bb4+ 8.Bd2 
Be7 9.Bc3 O-O 10.O-O c6 11.Nd2 a5 12.f4 Bb4 13.Qc2 Na6 14.Rfd1 Rc8 15.Nf1 
Qe7 16.Ne3 g6 17.Bb2 Ba3 18.Bc3 Rfd8 19.Qe2 Nc7 20.Re1 Bb4 21.Bxb4 Qxb4 
22.Red1 Rd7 23.Nc2 Qf8 24.Ne1 Nce8 25.Nd3 Nd6 26.c5 Nf5 27.g4 Ne7 28.cxb6 
Rb7 29.Nc5 Rxb6 30.g5 Nh5 31.Nd7 Qd8 32.Nxb6 Qxb6 33.Qe5 Qb8 34.Rac1 Nxf4 
35.Qxb8 Rxb8 36.Rc5 Ra8 37.a4 Kf8 38.Bf1 Ke8 39.Rb1 e5 40.dxe5 Ne6 41.Rc3 
Rb8 42.h4 Kd7 43.Bh3 Nf5 44.Bxf5 gxf5 45.Kg2 Rb4 46.Kg3 Rg4+ 47.Kf3 Rxh4 
48.Ke2 Nxg5 49.Rg1 Ne4 50.Rcc1 Rh2 51.Rcf1 Ke6 52.Ke3 Kxe5 53.f4+ Kd6 54.
Rh1 Rd2 55.Rh6+ Kc5 56.Rc1+ Kb4 57.Rd6 c5 58.Rb6+ Ka3 59.Rf1 d4+ 60.Kf3 
Ra2 0-1

[Event "39th Asia-ch U20"]
[Site "Shiraz IRI"]
[Date "2017.05.07"]
[Round "6"]
[White "Khademi, Mahdi"]
[Black "Suleymenov, Alisher"]
[Result "1/2-1/2"]
[WhiteElo "2019"]
[BlackElo "2338"]
[EventDate "2017.05.03"]
[PlyCount "0"]

1.e4 c5 2.Nf3 d6 3.Bb5+ Nc6 4.Bxc6+ bxc6 5.O-O e5 6.c3 Bg4 7.h3 Bh5 8.d4 
cxd4 9.cxd4 Qc7 10.dxe5 dxe5 11.Be3 Nf6 12.Nbd2 Be7 13.Qc2 O-O 14.Rac1 
Rfc8 15.Nh4 Nd7 16.Nf5 Bf8 17.f3 Bg6 18.Nh4 Be7 19.Nxg6 hxg6 20.Rfd1 Nf8 
21.Nb3 g5 22.Rd3 Ne6 23.Rc3 Nd8 24.Bc5 Bf6 25.Kh2 g6 26.Be3 Kg7 27.Nc5 Qe7
28.Rd3 Rc7 29.Rcd1 Ne6 30.Nxe6+ Qxe6 31.b3 Rac8 32.Rd6 Qe8 33.Qc3 c5 34.
Qc4 Rc6 35.Rd7 a6 36.Ra7 R8c7 37.Rxc7 Rxc7 38.Qxa6 Qb8 39.Qc4 Ra7 40.Rd2 
Qa8 41.a4 Rc7 42.Rd5 Be7 43.Bxc5 g4 44.Qb4 Rxc5 45.Rxc5 gxf3 46.Qc4 Bxc5 
47.Qxc5 Qxe4 48.gxf3 Qf4+ 49.Kg2 Qg5+ 50.Kf1 Qg3 51.Ke2 Qg2+ 52.Qf2 Qxh3 
53.b4 Qe6 54.Qc5 Qa2+ 55.Kf1 Qxa4 56.Qxe5+ 1/2-1/2

[Event "39th Asia-ch U20"]
[Site "Shiraz IRI"]
[Date "2017.05.08"]
[Round "7"]
[White "Mosadeghpour, Masoud"]
[Black "Tahbaz, Arash"]
[Result "1-0"]
[WhiteElo "2444"]
[BlackElo "2409"]
[EventDate "2017.05.03"]
[PlyCount "0"]

1.Nf3 Nf6 2.g3 e6 3.Bg2 d5 4.d4 Be7 5.O-O O-O 6.Nbd2 c5 7.dxc5 Bxc5 8.c4 
Nc6 9.cxd5 exd5 10.Nb3 Bb6 11.Nbd4 Ne4 12.Be3 Re8 13.Nc2 Bg4 14.Rb1 Ba5 
15.Nfd4 Bh5 16.Nxc6 bxc6 17.Nd4 Qd7 18.Rc1 Bb6 19.Nxc6 Bxe3 20.fxe3 Nf6 
21.Qd2 Bg6 22.Nd4 Re5 23.Qa5 h5 24.Rc3 Qe8 25.Qa3 Ng4 26.Nc6 Rxe3 27.Rxe3 
Qxe3+ 28.Qxe3 Nxe3 29.Rc1 Kf8 30.Ne5 Bf5 31.Bf3 Re8 32.Nd3 g5 33.Bxh5 Bxd3
34.exd3 g4 35.d4 Re4 36.Rc7 f5 37.Rxa7 Rxd4 38.Kf2 Re4 39.Rf7+ Kg8 40.Rd7 
d4 41.Bf7+ Kf8 42.Bb3 Ke8 43.Ba4 Nd1+ 44.Kf1 Nxb2 45.Bc6 Re6 46.Bb5 Re4 
47.Rxd4+ Ke7 48.Rxe4+ fxe4 49.Ke2 Kd6 50.Kd2 Kc5 51.Kc2 Kxb5 52.Kxb2 Kc4 
53.Kc2 Kd4 54.Kd2 1-0

[Event "39th Asia-ch U20"]
[Site "Shiraz IRI"]
[Date "2017.05.08"]
[Round "7"]
[White "Gholami, Aryan"]
[Black "Koniahli, Malek"]
[Result "1-0"]
[WhiteElo "2423"]
[BlackElo "1995"]
[EventDate "2017.05.03"]
[PlyCount "0"]

1.e4 c6 2.Nc3 d5 3.Nf3 dxe4 4.Nxe4 Nd7 5.d4 Ngf6 6.Nxf6+ Nxf6 7.c3 Bg4 8.
h3 Bxf3 9.Qxf3 e6 10.Bc4 h6 11.O-O Bd6 12.Re1 O-O 13.Bb3 Rc8 14.Bd2 Re8 
15.Rad1 Nh7 16.Bc2 Nf8 17.Bc1 Bb8 18.Qg4 f5 19.Qf3 Qd5 20.Qh5 Qd6 21.g3 
Qd7 22.Bb3 Qf7 23.Qf3 Qf6 24.Re2 Re7 25.Rde1 Rce8 26.Bf4 Bxf4 27.Qxf4 Nd7 
28.Qd6 Nf8 29.a4 Kf7 30.Re5 h5 31.h4 g5 32.hxg5 Qxg5 33.Qc5 Kf6 34.R5e3 a6
35.Kg2 Kg7 36.f4 Qg6 37.Qd6 Rd7 38.Qc5 Rde7 39.a5 Kh7 40.Bc2 Rf7 41.Rh1 
Nd7 42.Qd6 Nf6 43.Rxe6 Rg7 44.Rh3 Rd7 45.Qe5 Rd5 46.Rxf6 Rdxe5 47.dxe5 
Qxf6 48.exf6 Re2+ 49.Kf3 Rxc2 50.Rxh5+ Kg6 51.f7 Kxf7 52.Rh7+ Ke6 53.Rxb7 
Kd6 54.g4 fxg4+ 55.Kxg4 Rg2+ 56.Kf5 Rh2 57.Kf6 Rf2 58.f5 Rg2 59.Rb4 c5 60.
Rb6+ Kd5 61.Kf7 1-0

[Event "39th Asia-ch U20"]
[Site "Shiraz IRI"]
[Date "2017.05.08"]
[Round "7"]
[White "Khodashenas, Mersad"]
[Black "Tran, Tuan Minh"]
[Result "0-1"]
[WhiteElo "2410"]
[BlackElo "2537"]
[EventDate "2017.05.03"]
[PlyCount "0"]

1.Nf3 c5 2.c4 g6 3.Nc3 Bg7 4.d4 cxd4 5.Nxd4 Nc6 6.Nc2 d6 7.Bd2 Nf6 8.e4 
O-O 9.Be2 Bd7 10.O-O Rc8 11.b3 a6 12.Rc1 Ne8 13.Bg4 e6 14.Be2 Nc7 15.Na4 
Qe7 16.Be3 Rfd8 17.Nb6 Rb8 18.Qd2 Be8 19.f4 f5 20.exf5 gxf5 21.Bf3 Qf6 22.
Rcd1 Bf7 23.Qf2 Ne8 24.Bxc6 bxc6 25.c5 Qe7 26.Nc4 d5 27.Ne5 Rbc8 28.Nd4 
Qb7 29.Ndf3 Qe7 30.Qe2 Nf6 31.Qxa6 Be8 32.Nd4 Qxc5 33.Nxf5 Qf8 34.Nxg7 
Qxg7 35.Bd4 Ra8 36.Qe2 c5 37.Bxc5 Bh5 38.Nf3 Ne4 39.Bd4 Qg6 40.Rc1 Rdc8 
41.Rxc8+ Rxc8 42.Qa6 Rf8 43.Ne5 Qh6 44.Nd7 Re8 45.f5 Qd2 46.Qa7 exf5 47.
Nf8 Bf7 48.Be3 Qe2 49.Nxh7 Qh5 50.g4 Qxg4+ 51.Kh1 d4 52.Qxd4 Kxh7 53.Qd7 
Ng3+ 54.hxg3 Qh3+ 55.Kg1 Qxg3+ 56.Kh1 Qh3+ 57.Kg1 Rg8+ 58.Kf2 Rg2+ 0-1

[Event "39th Asia-ch U20"]
[Site "Shiraz IRI"]
[Date "2017.05.08"]
[Round "7"]
[White "Harsha, Bharathakoti"]
[Black "Firouzja, Alireza"]
[Result "0-1"]
[WhiteElo "2413"]
[BlackElo "2487"]
[EventDate "2017.05.03"]
[PlyCount "0"]

1.e4 c5 2.Nf3 e6 3.g3 Nc6 4.Bg2 Nf6 5.Qe2 e5 6.O-O Be7 7.c3 O-O 8.d3 h6 9.
Na3 Re8 10.Nc4 Bf8 11.Rd1 g6 12.h3 d6 13.Ne3 Bg7 14.Nd2 Be6 15.Ng4 Qd7 16.
Nxf6+ Bxf6 17.Nc4 Bg7 18.Kh2 d5 19.Ne3 d4 20.Nd5 Bxd5 21.exd5 Ne7 22.c4 a5
23.Re1 Nf5 24.Qc2 Nd6 25.Bd2 Re7 26.Re2 b6 27.Rae1 Rae8 28.a3 f5 29.b4 
axb4 30.axb4 Kh7 31.bxc5 bxc5 32.Qb3 Qa7 33.Bc1 Ra8 34.Qc2 Qa6 35.h4 Rae8 
36.Qa2 Ra7 37.Qc2 Rae7 38.Qa2 Ra7 39.Qc2 Qa4 40.Qxa4 Rxa4 41.Bf4 Nf7 42.d6
e4 43.dxe4 d3 44.Re3 g5 45.exf5 Rf8 46.Be5 Nxe5 47.Rxe5 d2 48.f6 Bxf6 49.
Re7+ Bxe7 50.dxe7 Re8 51.Rd1 Ra2 52.hxg5 Rxe7 0-1